[Event "World Rapid Women 2019"]
[Site "Moscow RUS"]
[Date "2019.12.28"]
[Round "11.42"]
[White "Nazarova, Anastasia"]
[Black "Solozhenkina, Elizaveta"]
[Result "0-1"]
[WhiteTitle "WFM"]
[BlackTitle "WIM"]
[WhiteElo "2176"]
[BlackElo "2329"]
[WhiteFideId "34101737"]
[BlackFideId "34106615"]
[EventDate "2019.12.26"]

1. e4 c5 2. Nf3 d6 3. d4 cxd4 4. Nxd4 Nf6 5. Nc3 a6 6. Be3 e5 7. Nb3 Be7 8. f3
Be6 9. Qd2 O-O 10. O-O-O Nbd7 11. g4 b5 12. g5 Nh5 13. Kb1 Nb6 14. Rg1 g6 15.
Nd5 Bxd5 16. exd5 f5 17. gxf6 Bxf6 18. Na5 Nf4 19. Bxf4 exf4 20. Nc6 Qc7 21. Rg4
Na4 22. c3 b4 23. cxb4 Nxb2 24. Rc1 Na4 25. Bd3 Bg7 26. h4 Qf7 27. Rc4 Kh8 28.
Be4 Nb6 29. Rc1 Qf6 30. Kc2 Nc4 31. Qd3 Qb2+ 32. Kd1 Ne3+ 33. Ke1 Qxc1+ 34. Kf2
Nxg4+ 35. fxg4 f3 36. h5 Qb2+ 37. Qc2 Qxc2+ 38. Bxc2 Rae8 39. Bd3 gxh5 40. gxh5
Bf6 0-1

[Event "World Rapid Women 2019"]
[Site "Moscow RUS"]
[Date "2019.12.28"]
[Round "11.43"]
[White "Nebolsina, Vera"]
[Black "Getman, Tatyana"]
[Result "1-0"]
[WhiteTitle "WGM"]
[BlackTitle "WFM"]
[WhiteElo "2240"]
[BlackElo "2265"]
[WhiteFideId "4163591"]
[BlackFideId "34166146"]
[EventDate "2019.12.26"]

1. e4 c5 2. Nc3 d6 3. Bc4 g6 4. f4 Bg7 5. Nf3 Nc6 6. d3 e6 7. O-O Nge7 8. Qe1
O-O 9. Bb3 Nd4 10. Nxd4 cxd4 11. Ne2 Nc6 12. Bd2 d5 13. e5 f6 14. exf6 Bxf6 15.
Qf2 Kh8 16. Rae1 Bg7 17. Ba4 e5 18. Qg3 e4 19. Bxc6 bxc6 20. Bb4 Re8 21. Bc5 Qa5
22. b4 Qa4 23. Nxd4 Bf5 24. Qe3 Kg8 25. h3 a5 26. g4 Bd7 27. f5 exd3 28. Qxd3
Bxd4+ 29. Bxd4 Rxe1 30. Rxe1 Qxb4 31. c3 Qc4 32. Qxc4 dxc4 33. Re7 Be8 34. Rg7+
Kf8 35. Rxh7 gxf5 36. g5 Rb8 37. h4 Rb1+ 38. Kg2 Bg6 39. Rh8+ Kf7 40. h5 Bxh5
41. Rxh5 Kg6 42. Rh6+ Kxg5 43. Rxc6 Kg4 44. Rxc4 Rb2+ 45. Bf2+ f4 46. a4 Ra2 47.
Rd4 Rb2 48. c4 Rb4 49. c5 Rb8 50. Rxf4+ Kg5 51. Bh4+ Kh5 52. Bg3 Rb3 53. Rc4 1-0

[Event "World Rapid Women 2019"]
[Site "Moscow RUS"]
[Date "2019.12.28"]
[Round "11.44"]
[White "Zhuravleva, Olga"]
[Black "Zhukova, Natalia"]
[Result "1/2-1/2"]
[WhiteTitle "WIM"]
[BlackTitle "GM"]
[WhiteElo "2278"]
[BlackElo "2324"]
[WhiteFideId "4145933"]
[BlackFideId "14101513"]
[EventDate "2019.12.26"]

1. e4 e5 2. Nf3 Nc6 3. Bc4 Nf6 4. Ng5 d5 5. exd5 Na5 6. Bb5+ c6 7. dxc6 bxc6 8.
Be2 h6 9. Nf3 Bd6 10. d3 O-O 11. O-O c5 12. Nc3 Bb7 13. Be3 Ng4 14. h3 Nxe3 15.
fxe3 f5 16. e4 f4 17. Qe1 Nc6 18. Rc1 Qe8 19. Nb5 Bb8 20. c3 g5 21. Qf2 Qe7 22.
Nh2 c4 23. d4 a6 24. Bxc4+ Kg7 25. Na3 exd4 26. cxd4 Ba7 27. Nf3 Qxe4 28. Nc2
Rad8 29. Rcd1 Qf5 30. Kh1 Qf6 31. Rfe1 Rd6 32. Qe2 Bc8 33. d5 Nd8 34. b3 g4 35.
Qe7+ Rf7 36. Qxf6+ Kxf6 37. hxg4 Bxg4 38. Ncd4 Rfd7 39. Ne5 Bxd1 40. Nxd7+ Rxd7
41. Rxd1 Nf7 42. Nc6 Be3 43. Bxa6 Nd6 44. Bd3 Rg7 45. Rf1 Rg5 46. Rf3 Rxd5 47.
Nb4 Rd4 48. a3 Kg5 49. g3 Nf5 50. Bxf5 Rd1+ 51. Kh2 Kxf5 52. gxf4 Ke4 53. Rh3
Bxf4+ 54. Kg2 Rd2+ 55. Kf1 Be3 56. Rh4+ Kf3 57. Rh3+ Ke4 58. Rh4+ Bf4 59. Rh3
Be3 60. Rh4+ Kf3 61. Rh3+ Ke4 62. Rh4+ 1/2-1/2

[Event "World Rapid Women 2019"]
[Site "Moscow RUS"]
[Date "2019.12.28"]
[Round "11.45"]
[White "Lysenko, Margarita"]
[Black "Diakonova, Ekaterina"]
[Result "1-0"]
[WhiteTitle "WFM"]
[WhiteElo "2290"]
[BlackElo "2218"]
[WhiteFideId "34100200"]
[BlackFideId "24172936"]
[EventDate "2019.12.26"]

1. d4 Nf6 2. c4 c5 3. d5 b5 4. cxb5 a6 5. bxa6 g6 6. Nc3 Bg7 7. e4 O-O 8. Nf3
Qa5 9. Bd2 Bxa6 10. Be2 d6 11. O-O Qb4 12. Bxa6 Nxa6 13. Qc2 Rfb8 14. Rab1 Qb7
15. a3 Qb3 16. Qd3 Ng4 17. Rfc1 Ne5 18. Nxe5 Bxe5 19. Qe2 Nc7 20. h4 h5 21. g4
hxg4 22. Qxg4 Ne8 23. Bg5 Nf6 24. Bxf6 exf6 25. h5 g5 26. Kg2 Ra7 27. Qf5 Qb7
28. h6 Qd7 29. Qf3 Kh7 30. Nd1 g4 31. Qd3 Bf4 32. Rc2 Rg8 33. Ne3 g3 34. Nf5
gxf2+ 35. Kxf2 Rg5 36. Rg1 Ra4 37. Rxg5 fxg5 38. Kf3 Be5 39. Rg2 f6 40. Qb3 Ra8
41. Qb6 Qa7 42. Qc6 Rb8 43. Kg4 Rb6 44. Qe8 Rb8 45. Qe6 Qc7 46. Ne7 Rf8 47. Nf5
Qf7 48. Qxf7+ Rxf7 49. b4 cxb4 50. axb4 Rb7 51. Rc2 Rxb4 52. Rc7+ Kh8 53. Kh5
Rb8 54. Ne7 f5 55. Ng6+ Kg8 56. h7# 1-0

[Event "World Rapid Women 2019"]
[Site "Moscow RUS"]
[Date "2019.12.28"]
[Round "11.46"]
[White "Khokhlova, Daria"]
[Black "Garifullina, Leya"]
[Result "1/2-1/2"]
[BlackTitle "WIM"]
[WhiteElo "2208"]
[BlackElo "2308"]
[WhiteFideId "24182729"]
[BlackFideId "34127035"]
[EventDate "2019.12.26"]

1. d4 Nf6 2. Nf3 e6 3. Bg5 h6 4. Bxf6 Qxf6 5. e4 d5 6. e5 Qd8 7. c4 dxc4 8. Bxc4
Nd7 9. Nc3 Nb6 10. Bb3 Bd7 11. O-O Bc6 12. Qe2 Qd7 13. a4 a6 14. a5 Nd5 15. Nxd5
Bxd5 16. Bxd5 Qxd5 17. Rfc1 c6 18. Qc4 Rd8 19. b4 Be7 20. Qxd5 Rxd5 21. Rc4 O-O
22. Ne1 Rfd8 23. Nc2 R8d7 24. f4 Bd8 25. Kf2 Bc7 26. Ke3 Bb8 27. Ke4 Ba7 28. g4
g6 29. Ra3 Rd8 30. Rd3 h5 31. h3 hxg4 32. hxg4 Kg7 33. Rh3 Rh8 34. Rxh8 Kxh8 35.
Rc3 Kg7 36. Ra3 1/2-1/2

[Event "World Rapid Women 2019"]
[Site "Moscow RUS"]
[Date "2019.12.28"]
[Round "11.47"]
[White "Fominykh, Maria"]
[Black "Agrest, Inna"]
[Result "0-1"]
[WhiteTitle "WGM"]
[BlackTitle "WIM"]
[WhiteElo "2206"]
[BlackElo "2286"]
[WhiteFideId "4142411"]
[BlackFideId "1708830"]
[EventDate "2019.12.26"]

1. Nf3 Nf6 2. g3 g6 3. Bg2 Bg7 4. c4 O-O 5. O-O d6 6. d4 Nbd7 7. Nc3 a6 8. h3
Rb8 9. d5 c5 10. dxc6 bxc6 11. Nd4 Ne5 12. Bf4 Nfd7 13. Bxc6 Nxc4 14. Bd5 Nce5
15. Bc1 Nb6 16. f4 Nxd5 17. Nxd5 Bb7 18. e4 Nd7 19. Be3 Nc5 20. Qb1 Qd7 21. f5
Be5 22. Kh2 e6 23. Nc3 Ba8 24. b4 exf5 25. exf5 Qb7 26. Qc2 Qxb4 27. Rab1 Qc4
28. Rxb8 Rxb8 29. Qe2 Qxc3 30. fxg6 hxg6 31. Qf2 Bd5 32. Ne2 Qb2 33. Bc1 Qxa2
34. Qe3 Qb3 35. Qg5 Qc2 36. Rf2 Ne4 0-1

[Event "World Rapid Women 2019"]
[Site "Moscow RUS"]
[Date "2019.12.28"]
[Round "11.48"]
[White "Injac, Teodora"]
[Black "Enkhtuul, Altan-Ulzii"]
[Result "1-0"]
[WhiteTitle "WIM"]
[BlackTitle "WGM"]
[WhiteElo "2284"]
[BlackElo "2200"]
[WhiteFideId "932400"]
[BlackFideId "4901444"]
[EventDate "2019.12.26"]

1. d4 c5 2. d5 d6 3. e4 Nf6 4. Nc3 g6 5. Nf3 Bg7 6. Bc4 O-O 7. O-O Na6 8. h3 Nc7
9. a4 b6 10. Bf4 Bb7 11. Re1 a6 12. Qd3 Nh5 13. Bh2 b5 14. axb5 axb5 15. Nxb5
Nxb5 16. Bxb5 Bxb2 17. Rab1 Bg7 18. Bc4 Bc8 19. e5 Bh6 20. Re4 Bf5 21. g4 Nf4
22. Bxf4 Bxe4 23. Qxe4 Bxf4 24. Qxf4 Kg7 25. Bb5 Rb8 26. c4 h6 27. Re1 Rb6 28.
Kg2 e6 29. Bc6 f6 30. exf6+ Rxf6 31. Qg3 e5 32. Nd2 Rf4 33. Ne4 Rb2 34. Qc3 Qb6
35. Re3 Rb4 36. Qd3 Qd8 37. Rf3 Rxf3 38. Kxf3 Qb8 39. Bb5 Rb2 40. Qa3 Qf8+ 41.
Kg2 Re2 42. Qf3 Rb2 43. Qxf8+ Kxf8 44. Nxd6 Ke7 45. Ne4 Re2 46. Kf3 Ra2 47. Nxc5
Ra3+ 48. Kg2 h5 49. Ne4 h4 50. d6+ Kd8 51. d7 Ra7 52. Ng5 Ke7 53. Nf7 Ra8 54.
d8=Q+ Rxd8 55. Nxd8 Kxd8 56. Kf3 Kc7 57. Ke4 Kd6 58. f4 exf4 59. Kxf4 Ke6 60.
Kg5 Kf7 61. Kxh4 Kf6 62. c5 g5+ 63. Kh5 1-0

[Event "World Rapid Women 2019"]
[Site "Moscow RUS"]
[Date "2019.12.28"]
[Round "11.49"]
[White "Gevorgyan, Maria"]
[Black "Styazhkina, Anna"]
[Result "1-0"]
[WhiteTitle "WGM"]
[BlackTitle "WIM"]
[WhiteElo "2255"]
[BlackElo "2289"]
[WhiteFideId "13300270"]
[BlackFideId "24119300"]
[EventDate "2019.12.26"]

1. e4 e5 2. Nf3 Nc6 3. d4 exd4 4. Nxd4 Bb4+ 5. c3 Bc5 6. Be3 Qf6 7. Nf5 d6 8.
Bxc5 Bxf5 9. Be3 Bxe4 10. Nd2 Bf5 11. Qb3 Nge7 12. Qxb7 Rb8 13. Qa6 O-O 14. Bb5
Ne5 15. O-O Qg6 16. Rfe1 Bh3 17. Bf1 Rxb2 18. Kh1 Bc8 19. Qxa7 Ng4 20. Nf3 Bb7
21. Qa3 Nxf2+ 22. Bxf2 Rxf2 23. Qa7 Rb2 24. Rxe7 Bxf3 25. gxf3 Qh5 26. Qg1 Qxf3+
27. Bg2 Qxc3 28. Rae1 g6 29. Qf1 c6 30. Rc7 d5 31. Bxd5 Qa5 32. Bxf7+ Kg7 33.
Rd7 Qh5 34. Bd5+ 1-0

[Event "World Rapid Women 2019"]
[Site "Moscow RUS"]
[Date "2019.12.28"]
[Round "11.50"]
[White "Ovezdurdiyeva, Jemal"]
[Black "Karavaeva, Olga"]
[Result "1-0"]
[WhiteTitle "WFM"]
[BlackTitle "WIM"]
[WhiteElo "2061"]
[BlackElo "2260"]
[WhiteFideId "14001888"]
[BlackFideId "4124111"]
[EventDate "2019.12.26"]

1. d4 d5 2. c4 e6 3. Nc3 c6 4. Nf3 dxc4 5. a4 Bb4 6. Bd2 b5 7. e3 a5 8. axb5
Bxc3 9. Bxc3 cxb5 10. b3 Bb7 11. bxc4 b4 12. Bb2 Nf6 13. Bd3 Nbd7 14. O-O O-O
15. Bc2 Qc7 16. Nd2 Nb6 17. d5 e5 18. Bb3 Nfd7 19. Ne4 Nxc4 20. Rc1 Ndb6 21.
Bxc4 Nxc4 22. Qg4 Rac8 23. Nf6+ Kh8 24. Qf5 g6 25. Qh3 h5 26. Rxc4 Qd6 27. Re4
Rce8 28. Nxe8 Rxe8 29. f4 f6 30. fxe5 Qxd5 31. exf6 Rf8 32. Re5 Qd2 33. Rxh5+
gxh5 34. Qxh5+ Kg8 35. Qg6+ 1-0

[Event "World Rapid Women 2019"]
[Site "Moscow RUS"]
[Date "2019.12.28"]
[Round "11.51"]
[White "Heinemann, Josefine"]
[Black "Guindy, Esmat Susanne"]
[Result "0-1"]
[WhiteTitle "WGM"]
[BlackTitle "WFM"]
[WhiteElo "2318"]
[BlackElo "2120"]
[WhiteFideId "12900460"]
[BlackFideId "1401637"]
[EventDate "2019.12.26"]

1. e4 e6 2. d4 d5 3. Nd2 Nf6 4. e5 Nfd7 5. Bd3 c5 6. c3 Nc6 7. Ne2 cxd4 8. cxd4
f6 9. exf6 Nxf6 10. Nf3 Bd6 11. O-O O-O 12. Bf4 Nh5 13. Bxd6 Qxd6 14. Ng5 g6 15.
Nc3 Nf4 16. Bb1 e5 17. dxe5 Qxe5 18. Nf3 Qh5 19. Nd4 Nxd4 20. Qxd4 Qg4 21. Be4
dxe4 22. Qxe4 Nh3+ 23. Kh1 Nxf2+ 24. Rxf2 Rxf2 25. Qd5+ Be6 26. Qxb7 Raf8 27.
Kg1 Bc4 28. h3 Qg3 0-1

[Event "World Rapid Women 2019"]
[Site "Moscow RUS"]
[Date "2019.12.28"]
[Round "11.52"]
[White "Balaian, Alina"]
[Black "Tsogzolmaa, Nanjid"]
[Result "0-1"]
[WhiteTitle "WIM"]
[WhiteElo "2243"]
[BlackElo "1884"]
[WhiteFideId "24115347"]
[BlackFideId "4903099"]
[EventDate "2019.12.26"]

1. e4 e6 2. Nf3 d5 3. Nc3 Nf6 4. e5 Nfd7 5. d4 c5 6. dxc5 Bxc5 7. Bd3 Nc6 8. Bf4
h6 9. Bg3 Bb4 10. O-O Bxc3 11. bxc3 O-O 12. Re1 Qc7 13. Qd2 a6 14. Bf4 Nc5 15.
Nd4 Nxd3 16. Qxd3 Bd7 17. Re3 Ne7 18. Rae1 Ng6 19. Bg3 Rac8 20. f4 Qc4 21. Qd1
b5 22. a3 a5 23. Qh5 Kh7 24. f5 exf5 25. e6 fxe6 26. Nxe6 Rf6 27. Bd6 Bxe6 28.
Rxe6 Qxc3 29. R6e3 Qd4 30. c3 Qb6 31. Bg3 f4 32. Bxf4 Nxf4 33. Qg4 Re8 0-1

[Event "World Rapid Women 2019"]
[Site "Moscow RUS"]
[Date "2019.12.28"]
[Round "11.53"]
[White "Belenkaya, Dina"]
[Black "Komiagina, Maria"]
[Result "0-1"]
[WhiteTitle "WGM"]
[BlackTitle "WIM"]
[WhiteElo "2298"]
[BlackElo "2233"]
[WhiteFideId "24142654"]
[BlackFideId "4153987"]
[EventDate "2019.12.26"]

1. e4 c5 2. Nc3 Nc6 3. Nge2 d6 4. g3 Bg4 5. Bg2 Nd4 6. O-O Nf3+ 7. Kh1 h5 8. Nd5
Qd7 9. Ne3 Nf6 10. d3 h4 11. Nxg4 Qxg4 12. Nf4 Nxh2 13. f3 Qxg3 14. Ne2 Qe5 15.
Bf4 Qe6 16. Kxh2 h3 17. Bh1 Nh5 18. Bg3 g5 19. d4 Bg7 20. c3 O-O-O 21. Qb3 Qg6
22. Qc4 Kb8 23. dxc5 Nxg3 24. Nxg3 Rc8 25. b4 Be5 26. Rg1 e6 27. Rad1 Qf6 28.
Rd3 Qf4 29. a4 g4 30. fxg4 Qf2+ 31. Bg2 hxg2# 0-1

[Event "World Rapid Women 2019"]
[Site "Moscow RUS"]
[Date "2019.12.28"]
[Round "11.54"]
[White "Gansvind, Valeriya I."]
[Black "Bulatova, Kamaliya"]
[Result "1/2-1/2"]
[WhiteTitle "WFM"]
[BlackTitle "WFM"]
[WhiteElo "2081"]
[BlackElo "2143"]
[WhiteFideId "4109821"]
[BlackFideId "34111546"]
[EventDate "2019.12.26"]

1. d4 Nf6 2. Bg5 d5 3. Bxf6 exf6 4. e3 Nd7 5. g3 f5 6. Bg2 Nf6 7. Nd2 c6 8. Ne2
Bd6 9. a3 a5 10. c4 dxc4 11. Nxc4 Bc7 12. Nc3 Be6 13. Nd2 O-O 14. O-O Qe7 15.
Rc1 Rfd8 16. Qc2 g6 17. Na4 Nd7 18. Nc5 Nxc5 19. Qxc5 Bd6 20. Qc2 Rac8 21. Nc4
Bc7 22. Rfd1 h5 23. Qc3 Ra8 24. Nd2 a4 25. Nc4 h4 26. Qb4 Qxb4 27. axb4 hxg3 28.
hxg3 Rd7 29. Rd3 Ra6 30. Ra3 Bd8 31. Ne5 Rc7 32. Nd3 Be7 33. Nc5 Bxc5 34. bxc5
Bb3 35. Rc3 b5 36. cxb6 Rxb6 37. Ra1 Be6 38. Rxa4 Rxb2 39. Ra8+ Kg7 40. Rxc6 Rd7
41. Rc1 Rd2 42. Raa1 Rd6 43. Rd1 Rc2 44. Rac1 Rxc1 45. Rxc1 Bd7 46. Bf3 g5 47.
Rc5 Rb6 48. Bd5 Kf6 49. Kg2 Rd6 50. Kf1 Rb6 51. Rc7 Rd6 52. Bc4 Ke7 53. f4 f6
54. Ke2 Rb6 55. Rc5 Rb2+ 56. Kf1 Rb1+ 57. Kf2 Rb2+ 58. Be2 Kd6 59. Kf1 Rb3 60.
Kf2 Rb2 61. Ra5 g4 62. Ke1 Rb1+ 63. Kf2 Rb2 64. Rc5 Bc6 65. Ke1 Rb1+ 66. Kd2
Rb2+ 67. Rc2 Rb1 68. Bd3 Rg1 69. Bxf5 Rxg3 70. Kd3 Bb5+ 71. Kd2 Rg2+ 72. Ke1
Rg1+ 73. Kf2 Rf1+ 74. Kg3 Rf3+ 75. Kg2 Rxe3 76. Bxg4 Bc6+ 77. Kf2 Re4 78. Rxc6+
Kxc6 79. Bf3 Kd5 80. Kg3 f5 81. Bxe4+ Kxe4 82. d5 Kxd5 83. Kf3 Kd4 84. Kf2 Ke4
85. Kg3 Ke3 86. Kg2 Kxf4 87. Kf2 Ke4 88. Ke2 f4 89. Kf2 f3 90. Kf1 Ke3 91. Ke1 1/2-1/2

[Event "World Rapid Women 2019"]
[Site "Moscow RUS"]
[Date "2019.12.28"]
[Round "11.55"]
[White "Nosacheva, Mariya"]
[Black "Paramzina, Anastasya"]
[Result "0-1"]
[WhiteTitle "WFM"]
[BlackTitle "WGM"]
[WhiteElo "2243"]
[BlackElo "2224"]
[WhiteFideId "34111422"]
[BlackFideId "4165012"]
[EventDate "2019.12.26"]

1. e4 c5 2. Nf3 d6 3. d4 Nf6 4. Nc3 cxd4 5. Nxd4 a6 6. h3 e6 7. g4 h6 8. Bg2 Be7
9. Be3 Nc6 10. Qe2 Nxd4 11. Bxd4 e5 12. Be3 b5 13. O-O O-O 14. Nd5 Nxd5 15. exd5
f5 16. f4 exf4 17. Bxf4 fxg4 18. hxg4 Bd7 19. c3 Rc8 20. Be4 Rc4 21. Rae1 Bh4
22. Rd1 Bxg4 23. Qxg4 Rxe4 24. Rd4 Rxd4 25. cxd4 Qf6 26. Qe6+ Kh7 27. Qxd6 Qxd4+
28. Kh2 Rf6 29. Qc7 Qxb2+ 30. Kh3 Rg6 0-1

[Event "World Rapid Women 2019"]
[Site "Moscow RUS"]
[Date "2019.12.28"]
[Round "11.56"]
[White "Nur-Mukhametova, Alisa"]
[Black "Potapova, Margarita"]
[Result "1/2-1/2"]
[BlackTitle "WFM"]
[WhiteElo "2213"]
[BlackElo "2307"]
[WhiteFideId "54117739"]
[BlackFideId "14126869"]
[EventDate "2019.12.26"]

1. e4 c5 2. Nf3 d6 3. d4 cxd4 4. Qxd4 Nc6 5. Bb5 Bd7 6. Bxc6 Bxc6 7. Nc3 Nf6 8.
Bg5 e6 9. O-O-O Be7 10. Rhe1 O-O 11. Kb1 h6 12. Bh4 Re8 13. Qd3 Qa5 14. Nd4 Rac8
15. f3 a6 16. Bf2 b5 17. g4 b4 18. Nce2 d5 19. e5 Nd7 20. Nxc6 Rxc6 21. Nd4 Rc4
22. Qd2 Qc7 23. Bg3 Rc8 24. Re2 a5 25. b3 Rc5 26. f4 a4 27. f5 axb3 28. cxb3 Qb6
29. Bf4 Rc3 30. Bxh6 gxh6 31. Qxh6 Rc1+ 32. Rxc1 Rxc1+ 33. Qxc1 Qxd4 34. f6 Nxf6
35. exf6 Bxf6 36. Kc2 Qc3+ 37. Kd1 Qd3+ 38. Qd2 Qb1+ 39. Qc1 Qd3+ 40. Qd2 Qb1+
41. Qc1 Qd3+ 42. Qd2 Qb1+ 43. Qc1 1/2-1/2

[Event "World Rapid Women 2019"]
[Site "Moscow RUS"]
[Date "2019.12.28"]
[Round "11.57"]
[White "Antova, Gabriela"]
[Black "Gvanceladze, Anna"]
[Result "0-1"]
[WhiteTitle "FM"]
[BlackTitle "WFM"]
[WhiteElo "2314"]
[BlackElo "2270"]
[WhiteFideId "2915235"]
[BlackFideId "4113721"]
[EventDate "2019.12.26"]

1. d4 d5 2. c4 c6 3. Nf3 Nf6 4. Nc3 dxc4 5. a4 Na6 6. e3 Bg4 7. Bxc4 e6 8. h3
Bh5 9. O-O Be7 10. b3 Nb4 11. Bb2 O-O 12. Be2 Bg6 13. Rc1 Qa5 14. Ne5 Bf5 15.
Bf3 h6 16. Qe2 Rad8 17. Rfd1 Nd7 18. Nc4 Qc7 19. e4 Bg6 20. d5 Nc5 21. dxe6 Nxb3
22. exf7+ Bxf7 23. Rb1 Nd4 24. Rxd4 Rxd4 25. Ne3 Rfd8 26. Nf5 Rd2 27. Qe3 R8d3
28. Qxa7 Rxb2 29. Rxb2 Rxc3 30. Rb1 Bc5 31. Qa8+ Kh7 32. Rd1 Rd3 33. Rc1 Rd8 0-1

[Event "World Rapid Women 2019"]
[Site "Moscow RUS"]
[Date "2019.12.28"]
[Round "11.58"]
[White "Barchuk, Irina"]
[Black "Munkhzul, Davaakhuu"]
[Result "1-0"]
[BlackTitle "WCM"]
[WhiteElo "2121"]
[BlackElo "1991"]
[WhiteFideId "14119005"]
[BlackFideId "4902815"]
[EventDate "2019.12.26"]

1. e4 e5 2. Nf3 Nc6 3. d4 exd4 4. Bc4 Bc5 5. c3 Nf6 6. e5 Qe7 7. O-O Ng4 8. cxd4
Bb6 9. h3 Nh6 10. Bxh6 gxh6 11. Nc3 d6 12. Nd5 Qd8 13. Qd2 dxe5 14. dxe5 Be6 15.
Rad1 Bxd5 16. Bxd5 Ne7 17. Bxf7+ Kxf7 18. Qf4+ Ke8 19. Rxd8+ Rxd8 20. e6 Rf8 21.
Qxh6 1-0

[Event "World Rapid Women 2019"]
[Site "Moscow RUS"]
[Date "2019.12.28"]
[Round "11.59"]
[White "Nilssen, Ellen Fredericia"]
[Black "Semenova, Elena1"]
[Result "0-1"]
[WhiteTitle "WFM"]
[BlackTitle "WIM"]
[WhiteElo "2000"]
[BlackElo "2290"]
[WhiteFideId "1441230"]
[BlackFideId "24125148"]
[EventDate "2019.12.26"]

1. d4 Nf6 2. c4 e6 3. Nf3 d5 4. Nc3 dxc4 5. e3 a6 6. a4 c5 7. Bxc4 cxd4 8. Nxd4
Bc5 9. Nc2 Qxd1+ 10. Kxd1 Nc6 11. Rb1 Ne5 12. Ba2 Bd7 13. Ke2 Rc8 14. Bd2 Ba7
15. Rhc1 Nc4 16. Be1 O-O 17. Nb4 Nb6 18. Bb3 Rfd8 19. Rd1 Nc4 20. h3 Bb6 21. g4
Ba5 22. Nba2 Kf8 23. Rd4 Ne5 24. g5 Ne8 25. Rbd1 Bc6 26. Rxd8 Bf3+ 27. Kf1 Bxd8
28. Rd4 Bxg5 29. Ne4 Be7 30. Nd2 Bh5 31. f4 Nc6 32. Rd7 Nd6 33. Nc4 Nxc4 34.
Bxc4 Rb8 35. Bc3 Ke8 36. Rd2 b5 37. Bd3 b4 38. Be4 Na5 39. Bd4 Nb3 40. Bc6+ Kf8
41. Rd3 Nxd4 42. Rxd4 a5 43. Nc1 Rc8 44. Rc4 Bf3 45. Bb5 Rxc4 46. Bxc4 Bc6 47.
b3 g5 48. Nd3 gxf4 49. exf4 Bd6 50. Kf2 Kg7 51. Kg3 Kg6 52. Nc1 Be4 53. Ne2 Bc5
54. Nc1 Bd6 55. Ne2 e5 56. fxe5 Bxe5+ 57. Kf2 f6 58. Ke3 Bf5 59. Ng1 Bd6 60. Kf3
Bh2 61. Ne2 Bxh3 62. Nd4 Bd7 63. Nb5 Bc6+ 64. Kf2 Be5 65. Na7 Bd4+ 0-1

[Event "World Rapid Women 2019"]
[Site "Moscow RUS"]
[Date "2019.12.28"]
[Round "11.60"]
[White "Antonova, Nadezhda"]
[Black "Bogumil, Tatiana"]
[Result "1-0"]
[WhiteTitle "WFM"]
[BlackTitle "WGM"]
[WhiteElo "1913"]
[BlackElo "2182"]
[WhiteFideId "14700182"]
[BlackFideId "4110579"]
[EventDate "2019.12.26"]

1. Nf3 Nf6 2. g3 b6 3. Bg2 Bb7 4. O-O c5 5. d3 d5 6. Nbd2 d4 7. e4 dxe3 8. fxe3
g6 9. Qe2 Bg7 10. e4 O-O 11. Nc4 Nc6 12. c3 b5 13. Ne3 e6 14. Nc2 Qb6 15. Kh1 e5
16. Be3 Nd7 17. b4 Rac8 18. Bh3 f5 19. Ng5 Ne7 20. Bg2 h6 21. Nh3 Qd6 22. a3 a6
23. Rad1 Kh7 24. d4 exd4 25. cxd4 c4 26. e5 Bxg2+ 27. Qxg2 Qd5 28. Nf4 Qxg2+ 29.
Kxg2 Rfe8 30. h4 Nb6 31. d5 Bxe5 32. Bxb6 Bd6 33. Rfe1 Ng8 34. Re6 Be5 1-0

[Event "World Rapid Women 2019"]
[Site "Moscow RUS"]
[Date "2019.12.28"]
[Round "12.1"]
[White "Atalik, Ekaterina"]
[Black "Lei, Tingjie"]
[Result "1-0"]
[WhiteTitle "IM"]
[BlackTitle "GM"]
[WhiteElo "2462"]
[BlackElo "2483"]
[WhiteFideId "4130189"]
[BlackFideId "8605114"]
[EventDate "2019.12.26"]

1. Nf3 d5 2. e3 Nf6 3. c4 e6 4. Nc3 c5 5. cxd5 Nxd5 6. Nxd5 Qxd5 7. b3 Be7 8.
Bb2 O-O 9. Bc4 Qh5 10. O-O b6 11. Be2 Bb7 12. Ne5 Qg5 13. Bf3 Bxf3 14. Qxf3 Na6
15. Qb7 Nb4 16. Nf3 Qd5 17. Qxe7 f6 18. Qc7 e5 19. Nxe5 fxe5 20. Qxe5 Qd7 21.
Bc3 Nd3 22. Qg3 b5 23. Rad1 b4 24. Ba1 a5 25. f4 a4 26. f5 a3 27. f6 g6 28. Qh4
Rf7 29. Qc4 Re8 30. Rf3 Qd6 31. Rdf1 Kf8 32. e4 Nb2 33. Bxb2 axb2 34. Rd3 Qc6
35. Qc2 Qxe4 36. Qxc5+ Kg8 37. Qc4 Qxc4 38. bxc4 Rxf6 39. Rb3 Rc6 40. d3 Re2 41.
Rb1 Rd6 42. Kf1 Rc2 43. R1xb2 Rxb2 44. Rxb2 Rxd3 45. Ke2 Ra3 46. Rxb4 Rxa2+ 47.
Kf3 Rc2 48. h4 Kg7 49. g4 Kf6 50. Ke4 Rg2 51. Rb6+ Kg7 52. Kf3 Rc2 53. Rc6 Rh2
54. Kg3 Rc2 55. c5 Rc4 56. g5 Kf7 57. Rc7+ Ke6 58. c6 Kd6 59. Rxh7 Rxc6 60. Rf7
Ke5 61. Rf3 Ra6 62. h5 gxh5 63. Kh4 Ra1 64. Kxh5 Rh1+ 65. Kg6 Rg1 66. Kh6 Rh1+
67. Kg7 Ke6 68. g6 Rg1 69. Kh7 Rh1+ 70. Kg8 Ke7 71. g7 Re1 72. Rf4 Re2 73. Rh4
Rg2 74. Kh7 1-0

[Event "World Rapid Women 2019"]
[Site "Moscow RUS"]
[Date "2019.12.28"]
[Round "12.3"]
[White "Muzychuk, Anna"]
[Black "Girya, Olga"]
[Result "1/2-1/2"]
[WhiteTitle "GM"]
[BlackTitle "WGM"]
[WhiteElo "2537"]
[BlackElo "2488"]
[WhiteFideId "14111330"]
[BlackFideId "4195752"]
[EventDate "2019.12.26"]

1. f4 d5 2. Nf3 g6 3. g3 Bg7 4. Bg2 Nd7 5. O-O c6 6. c3 Nh6 7. d3 Qb6+ 8. Kh1
Ng4 9. d4 Ndf6 10. h3 Ne4 11. hxg4 Nxg3+ 12. Kh2 Nxf1+ 13. Qxf1 Bxg4 14. Nbd2
Qc7 15. e3 f6 16. c4 O-O 17. Kg3 Bf5 18. Nb1 e5 19. Nc3 Rad8 20. cxd5 cxd5 21.
Bd2 g5 22. Rc1 1/2-1/2

[Event "World Rapid Women 2019"]
[Site "Moscow RUS"]
[Date "2019.12.28"]
[Round "12.4"]
[White "Bulmaga, Irina"]
[Black "Pogonina, Natalija"]
[Result "0-1"]
[WhiteTitle "IM"]
[BlackTitle "WGM"]
[WhiteElo "2434"]
[BlackElo "2479"]
[WhiteFideId "13903063"]
[BlackFideId "4147855"]
[EventDate "2019.12.26"]

1. e4 e5 2. Nf3 Nc6 3. Bb5 a6 4. Ba4 Nf6 5. O-O Be7 6. Re1 b5 7. Bb3 d6 8. c3
O-O 9. h3 Nb8 10. d4 Nbd7 11. Bc2 c5 12. d5 c4 13. b3 cxb3 14. axb3 Qc7 15. b4
Nb6 16. Bb3 Rb8 17. Qe2 Nfd7 18. Qd3 Nc4 19. Na3 Ndb6 20. Nd2 Nxa3 21. Bxa3 f5
22. c4 fxe4 23. Qe2 bxc4 24. Nxc4 Nxc4 25. Bxc4 Bh4 26. Rf1 Qf7 27. Ra2 Qg6 28.
Kh2 Bg5 29. Bc1 Bxc1 30. Rxc1 Rxb4 31. Bxa6 Bf5 32. Rac2 e3 33. Rc7 exf2 34.
Qxf2 Bxh3 35. Qg3 Bg4 36. Bc8 Qh6+ 37. Kg1 Bxc8 38. Rxc8 Rf4 39. Rxf8+ Rxf8 40.
Rc7 Qf6 41. Rd7 Rf7 42. Qg4 Rxd7 43. Qxd7 h6 44. g3 Kh7 45. Kg2 e4 46. g4 Qf3+
47. Kh2 0-1